Načítá se...

Modern educational psychology: an historical introduction

Podrobná bibliografie
Hlavní autor: Evans, E G S
Médium: Printed Book
Jazyk:English
Témata:
LEADER 00379nam a2200109Ia 4500
008 101008s9999 xx 000 0 eng d
100 |a Evans, E G S 
245 |a Modern educational psychology: an historical introduction 
650 |a Educational Psychology 
942 |c BK 
999 |c 180890  |d 180890 
952 |0 0  |1 0  |4 0  |7 0  |9 200182  |a EDU  |b EDU  |c ST1  |d 2010-10-20  |i 2355  |l 0  |p EDU2355  |r 2018-08-29  |w 2018-08-29  |y BK